000 00271nam a2200109Ia 4500
008 200302s9999 xx 000 0 und d
100 _aJohn Lidstone
245 _aDesign Activities for the Classroom
260 _bDavis Publications, Inc
260 _c1977
300 _a104 P.,
999 _c277
_d277